Hair Colors - Statistics

General Stats
  • This quiz has been taken 1,095 times
  • The average score is 5 of 6
Answer Stats
Hint Answer % Correct
Blond
98%
Brown
98%
Black
96%
Red
95%
White
70%
Gray
62%
No matching quizzes found
Score Distribution
Percent of People with Each Score
Percentile by Number Answered
Your Score History
You have not taken this quiz